| 000 | 00639cab a2200205 4500 | ||
|---|---|---|---|
| 001 | WB2501-06 | ||
| 008 | 090401t1988 xxu||||| |||| 00| 0 eng d | ||
| 035 | _a(Sirsi) u24299 | ||
| 041 | _aeng | ||
| 245 | _aKBuilding warrants | ||
| 260 | _c1988 | ||
| 350 | _a0 | ||
| 490 |
_aScottish Office News Release _v2192/88 22 December 1988, 4 pages |
||
| 520 | _aThe Minister for the Environment at the Scottish Office has announced increases to the fees charged by local authorities for building warrants . | ||
| 650 |
_aBUILDING CONTROL _96222 |
||
| 650 | _aSCOTLAND | ||
| 690 | _aBUILT ENVIRONMENT | ||
| 942 | _n0 | ||
| 948 | _c04/03/1997 | ||
| 999 |
_c16288 _d16288 |
||